000 00443nam a2200145Ia 4500
008 210323s9999||||xx |||||||||||||| ||und||
020 _a0-00-220045-7
040 _cSTCPL
082 _a294.3923
_bDAL-A
245 0 _aAwakening mind, lightening the heart
260 _aNew Delhi
_bHarper Collins Pub,
_c1995
300 _a238P , 22 CM
650 _aGeneralSOCIETY, RELIGION, ART, LANGUAGES AND LITERATURE, MAP, TABLES, FIGURES,
942 _cBK
999 _c74981
_d74981